Statistics for Top Fifteen US Allies in Africa

Click here to take the quiz!

General Stats

  • This quiz has been taken 25 times
  • The average score is 10 of 15

Answer Stats

HintAnswer% Correct
4Egypt
96%
10Morocco
91%
5Ghana
83%
8Liberia
83%
11Nigeria
83%
7Kenya
78%
2Chad
74%
12Senegal
74%
15Tunisia
74%
6Ivory Coast
57%
1Botswana
52%
3Djibouti
52%
14Sierra Leone
52%
13Seychelles
48%
9Malawi
39%

Score Distribution

Percentile by Number Answered

Percent of People with Each Score

Your Score History

You have not taken this quiz